Trasferimenti più costosi - Stagione 2023-2024 - Statistics

Statistiche generali
  • Questo quiz è stato fatto 26 volte
  • Il punteggio medio è 9 su 10
Statistiche sulle risposte
Costo (M €) Nazione Da A Calciatore % Corretto
103,00 Inghilterra Dortmund Real Madrid Jude Bellingham
100%
95,00 Inghilterra Tottenham Bayern Harry Kane
96%
90,00 Brasile Paris SG Al-Hilal Neymar
96%
116,60 Inghilterra West Ham United FC Arsenal Declan Rice
92%
75,00 Germania Chelsea FC Arsenal Kai Havertz
88%
95,00 Francia Francoforte Paris SG Randal Kolo Muani
88%
73,90 Danimarca Atalanta Manchester United Rasmus Højlund
84%
90,00 Croazia Lipsia Manchester City Josko Gvardiol
80%
116,00 Ecuador Brighton Chelsea Moisés Caicedo
76%
70,00 Ungheria Lipsia Liverpool Dominik Szoboszlai
68%
Nessun quiz corrispondente trovato
Distribuzione punteggi
Percentuale di utenti per punteggio
Percentile per numero di risposta
I tuoi punteggi nel tempo
Non hai fatto questo quiz